000 00537nam a22002057a 4500
001 00028586
005 20260318115845.0
008 260318b ag ||||| |||| 00| 0 spa d
020 _a9789870244899
040 _bspa
_cAR-CcCEOS
080 _a982
090 _bSEI
100 _aCarlos Alberto Seisdedos
_9917
245 _aTerritorios de la nostalgia /
_cCarlos Alberto Seisdedos
250 _a2ยช ed.
260 _aBuenos Aires :
_bDunken,
_c2010.
300 _a104 p. ;
_c24x15 cm.
650 0 _ahistoria
942 _2udc
_cBK
999 _c28616
_d28616
945 _a66467
_bMelina Rolando
_c66467
_dMelina Rolando